Hướng dẫn kỹ thuật trồng lúa, nuôi lợn nái: Tài liệu phổ biến KHKT /
v.v...
Đã lưu trong:
| Tác giả chính: | |
|---|---|
| Định dạng: | Sách |
| Năm xuất bản: |
Trung tâm khuyến nông - khuyến lâm Quảng Trị:
Sở Nông ngiệp và phát triển nông thôn,
2005.
|
| Chủ đề: | |
| Tags: |
Thêm thẻ
Không có thẻ, Hãy là người đầu tiên gắn thẻ bản ghi này!
|
| LEADER | 02033nam a2200253 4500 | ||
|---|---|---|---|
| 082 | |a 630 |b H561d | ||
| 100 | |a Trung tâm khuyến nông - khuyến lâm Quảng Trị | ||
| 245 | |a Hướng dẫn kỹ thuật trồng lúa, nuôi lợn nái: |b Tài liệu phổ biến KHKT / |c Trung tâm khuyến nông - khuyến lâm Quảng Trị . | ||
| 260 | |a Trung tâm khuyến nông - khuyến lâm Quảng Trị: |b Sở Nông ngiệp và phát triển nông thôn, |c 2005. | ||
| 300 | |a 23 tr.; |c 21cm. | ||
| 520 | |a v.v... | ||
| 653 | |a Nông nghiệp | ||
| 942 | |2 ddc |c STK0 | ||
| 999 | |c 6090 |d 6090 | ||
| 952 | |0 0 |1 0 |2 ddc |4 0 |6 630_000000000000000_H561D |7 0 |8 600 |9 55660 |a qbu |b qbu |c D3 |d 2015-01-14 |o 630 H561d |p 6199.c1 |r 0000-00-00 |w 2015-01-14 |y STK0 | ||
| 952 | |0 0 |1 0 |2 ddc |4 0 |6 630_000000000000000_H561D |7 0 |8 600 |9 55661 |a qbu |b qbu |c D3 |d 2015-01-14 |o 630 H561d |p 6199.c2 |r 0000-00-00 |w 2015-01-14 |y STK0 | ||
| 952 | |0 0 |1 0 |2 ddc |4 0 |6 630_000000000000000_H561D |7 0 |8 600 |9 55662 |a qbu |b qbu |c D3 |d 2015-01-14 |o 630 H561d |p 6199.c3 |r 0000-00-00 |w 2015-01-14 |y STK0 | ||
| 952 | |0 0 |1 0 |2 ddc |4 0 |6 630_000000000000000_H561D |7 0 |8 600 |9 55663 |a qbu |b qbu |c D3 |d 2015-01-14 |o 630 H561d |p 6199.c4 |r 0000-00-00 |w 2015-01-14 |y STK0 | ||
| 952 | |0 0 |1 0 |2 ddc |4 0 |6 630_000000000000000_H561D |7 0 |8 600 |9 55664 |a qbu |b qbu |c D3 |d 2015-01-14 |o 630 H561d |p 6199.c5 |r 0000-00-00 |w 2015-01-14 |y STK0 | ||
| 952 | |0 0 |1 0 |2 ddc |4 0 |6 630_000000000000000_H561D |7 0 |8 600 |9 55665 |a qbu |b qbu |c D3 |d 2015-01-14 |o 630 H561d |p 6199.c6 |r 0000-00-00 |w 2015-01-14 |y STK0 | ||
| 952 | |0 0 |1 0 |2 ddc |4 0 |6 630_000000000000000_H561D |7 0 |8 600 |9 55666 |a qbu |b qbu |c D3 |d 2015-01-14 |o 630 H561d |p 6199.c7 |r 0000-00-00 |w 2015-01-14 |y STK0 | ||
| 952 | |0 0 |1 0 |2 ddc |4 0 |6 630_000000000000000_H561D |7 0 |8 600 |9 55667 |a qbu |b qbu |c D3 |d 2015-01-14 |o 630 H561d |p 6199.c8 |r 0000-00-00 |w 2015-01-14 |y STK0 | ||
| 952 | |0 0 |1 0 |2 ddc |4 0 |6 630_000000000000000_H561D |7 0 |8 600 |9 55668 |a qbu |b qbu |c D3 |d 2015-01-14 |o 630 H561d |p 6199.c9 |r 0000-00-00 |w 2015-01-14 |y STK0 | ||
| 952 | |0 0 |1 0 |2 ddc |4 0 |6 630_000000000000000_H561D |7 0 |8 600 |9 55669 |a qbu |b qbu |c D3 |d 2015-01-14 |o 630 H561d |p 6199.c10 |r 0000-00-00 |w 2015-01-14 |y STK0 | ||